مكتبة جامعة عجلون الوطنية

فهرس بحث المكتبة

Normal view MARC view
  • الزريقات،ابراهيم عبد الله فرج

Entry Personal Name

Number of records used in: 1

001 - CONTROL NUMBER

  • control field: 23198

003 - CONTROL NUMBER IDENTIFIER

  • control field: JO-AjAnu

005 - DATE AND TIME OF LATEST TRANSACTION

  • control field: 20230606074007.0

008 - FIXED-LENGTH DATA ELEMENTS

  • fixed length control field: 230606|| aca||aabn | a|a d

040 ## - CATALOGING SOURCE

  • Original cataloging agency: JO-AjAnu
  • Transcribing agency: JO-AjAnu

100 ## - HEADING--PERSONAL NAME

  • Personal name: الزريقات،ابراهيم عبد الله فرج

670 ## - SOURCE DATA FOUND

  • Source citation: Work cat.: (JO-AjAnu)11923: الزريقات،ابراهيم عبد الله فرج, author, تعديل سلوك الأطفال والمراهقين :المفاهيم والتطبيقات=Behavior Modification of Children and Adolescents: Concepts and Applications